FBS College Football Teams - Sudden Death - Statistics

General Stats
  • This quiz has been taken 21,702 times
  • The average score is 15 of 27
Answers on the Grid
Answers color-coded by a green-red scale on the quiz's grid according to % correct below.
Alabama
Alabama A&M
Alaska
Army
Auburn
Ball State
Boise State
Boston College
BYU
Central Florida
Cincinnati
Clemson
Delaware
Florida State
Fresno State
Georgia Tech
Gonzaga
Grambling State
Harvard
Hawaii
Miami
Michigan
Middle Tennessee
New Hampshire
North Dakota State
Northern Illinois
Northwestern
Notre Dame
Purdue
Rutgers
Southern Miss
Stanford
Syracuse
Vanderbilt
Villanova
Wyoming
 
Answer Stats
Answer % Correct
Alabama
94%
Auburn
84%
BYU
82%
Clemson
69%
Boise State
67%
Army
65%
Florida State
65%
Boston College
64%
Cincinnati
64%
Georgia Tech
61%
Central Florida
56%
Michigan
55%
Miami
54%
Notre Dame
52%
Purdue
52%
Ball State
51%
Syracuse
50%
Vanderbilt
50%
Fresno State
49%
Rutgers
49%
Stanford
47%
Northwestern
46%
Hawaii
45%
Wyoming
41%
Northern Illinois
37%
Southern Miss
37%
Middle Tennessee
33%
No matching quizzes found
Score Distribution
Percent of People with Each Score
Percentile by Number Answered
Your Score History
You have not taken this quiz